| 000 | 01167nam a2200301 i 4500 | ||
|---|---|---|---|
| 001 | 102527 | ||
| 003 | ES-MaACL | ||
| 005 | 20250827062615.0 | ||
| 007 | t| | ||
| 008 | 051117s1958 sp ||||1| spa d | ||
| 110 | 1 |
_aEspaña _93622 |
|
| 245 | 1 | 0 |
_aLeyes civiles de España / _cpor León Medina y Manuel Marañón. |
| 250 |
_aNovísima ed. _brev., corr. y puesta al día por José Castán Tobeñas. |
||
| 260 |
_aMadrid : _bReus, _c1958. |
||
| 300 |
_a2 v. ; _c17 cm. |
||
| 490 | 1 | _aBiblioteca Medina y Marañón | |
| 650 | 4 |
_aDerecho civil- _zEspaña- _vLegislación _911663 |
|
| 700 | 1 |
_aMedina, León. _979703 |
|
| 700 | 1 |
_aMarañón, Manuel. _976316 |
|
| 700 | 1 |
_aCastán Tobeñas, José, _d1889-1969 _936392 |
|
| 800 |
_t _9239740 |
||
| 830 | 1 |
_aBiblioteca Medina y Marañón _9184645 |
|
| 852 | 4 |
_aES-MaACL _jG-16143 _dOlim: A-5439 _dOlim: L 347 (460)"1964" ESP _9106356 _bR.43347 _cDEPO2 _pv.1 |
|
| 852 | 4 |
_aES-MaACL _jG-16144 _dOlim: A-5440 _dOlim: L 347 (460)"1964" ESP _bR.43347 _9201332 _cDEPO2 _pv.2 |
|
| 852 | 4 |
_aES-MaACL _jG-16145 _dOlim: A-5479 _bR.71130 _9201332 _cDEPO2 _pv.2 |
|
| 942 |
_2udc _cMONOGRAFIA |
||
| 999 |
_c102527 _d102527 |
||